| 000 | 01043nam a22002897a 4500 | ||
|---|---|---|---|
| 999 |
_c200447869 _d66081 |
||
| 005 | 20220304171821.0 | ||
| 007 | zm | ||
| 008 | 220302u20uu9999tu ||||| |||| 00| 0 tur d | ||
| 040 |
_aTR-AnTOB _beng _erda _cTR-AnTOB |
||
| 041 | _atur | ||
| 050 |
_aHF331.T9 _bD46 2009 |
||
| 090 |
_aHF331.T9 _bD46 2009 |
||
| 099 | _aSA 03.03.2022 | ||
| 110 | 2 |
_927481 _aDenizli Sanayi Odası |
|
| 245 |
_aFaaliyet raporu / _cDenizli Sanayi Odası. |
||
| 264 |
_aDenizli : _bDenizli Sanayi Odası, _c[2009] |
||
| 300 |
_avolume <2005-2009> : _billustrations ; _c29 cm + _e1 computer disc (4 3/4 in.) |
||
| 336 |
_astill image _bsti _2rdacontent |
||
| 336 |
_atext _btxt _2rdacontent |
||
| 337 |
_aunmediated _bn _2rdamedia |
||
| 337 |
_acomputer _bc _2rdamedia |
||
| 338 |
_avolume _bnc _2rdacarrier |
||
| 338 |
_acomputer disc _bcd _2rdacarrier |
||
| 505 | _a2005-2009 Dönemi Faaliyet Raporu.-- Girişimci ruhun zaferi: Denizli, 2009 [DVD].-- The triumph of entrepreneurship: Denizli 2009 [DVD] | ||
| 610 | 2 | 0 |
_927481 _aDenizli Sanayi Odası |
| 942 |
_2lcc _cBK |
||